| 000 | 00664cam a2200169 4500500 | ||
|---|---|---|---|
| 005 | 20251228141602.0 | ||
| 041 | _afre | ||
| 042 | _adc | ||
| 100 | 1 | 0 |
_aAllard, Bruno _eauthor |
| 700 | 1 | 0 |
_aCosta, François _eauthor |
| 700 | 1 | 0 |
_aLabouré, Éric _eauthor |
| 700 | 1 | 0 |
_aLubin, Thierry _eauthor |
| 700 | 1 | 0 |
_aMazaleyrat, Frédéric _eauthor |
| 245 | 0 | 0 | _aMachines électriques tournantes : conception, construction et commande |
| 260 |
_bTechniques de l'ingénieur,
_c2025. |
||
| 856 | 4 | 1 | _uhttps://stm.cairn.info/techniques-de-l-ingenieur-machines-electriques-tournantes-conception-construction-et-commande--42252210?lang=fr&redirect-ssocas=7080 |
| 999 |
_c1607607 _d1607607 |
||